00390 2200157 4500001002100000005001500021035002000036245003700056100002500093300002600118260003200144082000800176084001400184020002200198990001200220INLIS00000000000265320250828084601 a0010-08250000141 aAguacero /cFaulina Puspita Arif0 aFaulina Puspita Arif a360 hlm ;c13 x 19 cm aYogyakarta :bSheila,c2015 a813 a813 FAU a a978-979-29-5154-7 a0741726